20 Sprachfamilien (anhand der Sprecherzahl) - Statistiken

Allgemein
  • Dieses Quiz wurde 9 mal gespielt
  • Das Durchschnittsergebnis liegt bei 6 aus 20
Antwortstatistiken
Rang Sprecherzahl Sprachfamilie % Korrekt
1. 3'000 Mio. Indogermanisch
89%
4. 347 Mio. Afroasiatisch
67%
8. 126 Mio. Japanisch-Ryūkyū
67%
5. 296 Mio. Austronesisch
44%
6. 220 Mio. Dravidisch
44%
2. 1'288 Mio. Sinotibetisch
44%
7. 160 Mio. Turkisch
44%
3. 354 Mio. Niger-Kongo-Sprachen
33%
13. 24 Mio. Uralisch
33%
11. 78 Mio. Koreanisch
22%
14. 10 Mio. Quechua
22%
10. 83 Mio. Tai-Kadai
22%
9. 95 Mio. Austroasiatisch
11%
19. 4.2 Mio. Maya
11%
15. 7.5 Mio. Mongolisch
11%
16. 6.3 Mio. Hmong-Mien
0%
18. 5.0 Mio. Kartwelisch
0%
12. 34 Mio. Nilosaharanisch
0%
20. 3.2 Mio. Trans-Neuguinea
0%
17. 5.3 Mio. Tupí
0%
Keine übereinstimmenden Quizze gefunden
Verteilung der Resultate
Anzahl Personen mit jedem Resultat
Perzentil nach korrekt beantworteten Fragen
Ihre Resultats-Entwicklung
Sie haben dieses Quiz noch nicht gespielt